|
|
|
|
| LEADER |
00000cam a2200000 7i4500 |
| 001 |
0000015552 |
| 005 |
20080331.0 |
| 008 |
080331 |
| 020 |
|
|
|a 9836280359
|
| 090 |
0 |
0 |
|a 899.231
|b KUR
|
| 245 |
1 |
0 |
|a Kurik kundi merah saga :
|b kumpulan pantun lisan Melayu-edisi kedua
|
| 260 |
|
|
|a Kuala Lumpur :
|b Dewan Bahasa dan Pustaka ,
|c 2005
|
| 650 |
|
0 |
|a Malay poetry
|
| 650 |
|
0 |
|a Pantun
|
| 999 |
|
|
|a 0000160278
|b Book
|c Adult Collection
|e Cawangan Muar
|
| 999 |
|
|
|a 0001018219
|b Book
|c Adult Collection
|e Perbadanan Perpustakaan Awam Johor
|
| 999 |
|
|
|a 0001018220
|b Book
|c Adult Collection
|e Perbadanan Perpustakaan Awam Johor
|